000 00285nam a2200109Ia 4500
008 220204s9999 xx 000 0 und d
082 _a82-3
_bMAU
100 _aMaugham, W Somerset
245 0 _aCakes and ale or the skeleton in the cupboard
260 _aLondon
_bPan
_c1982
942 _cBK
999 _c38604
_d38604